Loading...
| Beliefs | 0 | 6 | 0 | 3 | 60 | 74 | 108.00 | 0 | 2 | 0.00 | 0.00 |
| 0 | 6 | 1 | 1 | 55 | 87 | 125.00 | 0 | 4 | 0.00 | 0.00 | |
| History - European | 0 | 5 | 0 | 2 | 50 | 99 | 123.20 | 0 | 3 | 0.00 | 0.00 |
| Literature - European | 0 | 5 | 0 | 2 | 50 | 108 | 123.60 | 1 | 4 | 0.00 | 0.00 |
| Fine Arts - Visual | 0 | 4 | 0 | 1 | 40 | 112 | 123.75 | 0 | 1 | 0.00 | 0.00 |
| History - World | 0 | 3 | 0 | 1 | 30 | 93 | 113.67 | 1 | 1 | 0.00 | 0.00 |
| Philosophy | 0 | 3 | 0 | 2 | 30 | 133 | 149.33 | 0 | 1 | 0.00 | 0.00 |
| Other Arts: Auditory | 0 | 3 | 0 | 0 | 30 | 110 | 130.33 | 0 | 0 | 0.00 | 0.00 |
| Science - Physics | 0 | 3 | 0 | 1 | 30 | 116 | 131.67 | 0 | 0 | 0.00 | 0.00 |
| Social Science | 1 | 1 | 0 | 0 | 25 | 58 | 94.00 | 0 | 1 | 0.00 | 0.00 |
| Science - Biology | 0 | 2 | 1 | 0 | 15 | 88 | 116.00 | 0 | 2 | 0.00 | 0.00 |
| Current Events | 0 | 1 | 0 | 1 | 10 | 124 | 124.00 | 0 | 1 | 0.00 | 0.00 |
| Geography | 0 | 1 | 0 | 1 | 10 | 148 | 148.00 | 0 | 1 | 0.00 | 0.00 |
| Other Science: Computer Science | 0 | 1 | 0 | 0 | 10 | 65 | 65.00 | 1 | 1 | 0.00 | 0.00 |
| Other Science: Math | 0 | 1 | 0 | 0 | 10 | 125 | 125.00 | 0 | 0 | 0.00 | 0.00 |
| Religion | 0 | 1 | 0 | 0 | 10 | 144 | 144.00 | 0 | 0 | 0.00 | 0.00 |
| Chemistry> | 0 | 1 | 0 | 0 | 10 | 123 | 123.00 | 0 | 1 | 0.00 | 0.00 |
| History - American | 0 | 1 | 1 | 0 | 5 | 109 | 109.00 | 0 | 1 | 0.00 | 0.00 |
| Fine Arts - Auditory | 0 | 1 | 1 | 0 | 5 | 98 | 98.00 | 0 | 1 | 0.00 | 0.00 |
| Literature - British | 0 | 1 | 1 | 0 | 5 | 140 | 140.00 | 0 | 1 | 0.00 | 0.00 |
| Other Science: Earth Science | 0 | 1 | 1 | 1 | 5 | 149 | 149.00 | 0 | 0 | 0.00 | 0.00 |
| Literature - American | 0 | 1 | 2 | 0 | 0 | 92 | 92.00 | 0 | 1 | 0.00 | 0.00 |
| Science - Chemistry | 0 | 0 | 0 | 0 | 0 | 0.00 | 0 | 0 | 0.00 | 0.00 | |
| Other Arts: Visual | 0 | 0 | 1 | 0 | -5 | 0.00 | 0 | 0 | 0.00 | 0.00 |